<?xml version="1.0" encoding="UTF-8"?>
<record
    xmlns:xsi="http://www.w3.org/2001/XMLSchema-instance"
    xsi:schemaLocation="http://www.loc.gov/MARC21/slim http://www.loc.gov/standards/marcxml/schema/MARC21slim.xsd"
    xmlns="http://www.loc.gov/MARC21/slim">

  <leader>00517nam a2200181Ia 4500</leader>
  <controlfield tag="003">OSt</controlfield>
  <controlfield tag="005">20221022001707.0</controlfield>
  <controlfield tag="008">221012s9999||||xx |||||||||||||| ||und||</controlfield>
  <datafield tag="020" ind1=" " ind2=" ">
    <subfield code="a">9966-909-02-8</subfield>
  </datafield>
  <datafield tag="040" ind1=" " ind2=" ">
    <subfield code="c">Chuka University Library</subfield>
  </datafield>
  <datafield tag="050" ind1=" " ind2=" ">
    <subfield code="a">HG 4026</subfield>
    <subfield code="b">.M36 1998</subfield>
  </datafield>
  <datafield tag="100" ind1=" " ind2=" ">
    <subfield code="a">Manas'seh, Paul N.</subfield>
    <subfield code="9">94</subfield>
  </datafield>
  <datafield tag="245" ind1=" " ind2="2">
    <subfield code="a">A textbook of business finance/</subfield>
    <subfield code="c">Paul N. Manas'seh</subfield>
  </datafield>
  <datafield tag="260" ind1=" " ind2=" ">
    <subfield code="a">Nairobi:</subfield>
    <subfield code="b">McMoore Accounting,</subfield>
    <subfield code="c">1998</subfield>
  </datafield>
  <datafield tag="650" ind1=" " ind2=" ">
    <subfield code="a">Financial management.</subfield>
    <subfield code="9">95</subfield>
  </datafield>
  <datafield tag="650" ind1=" " ind2=" ">
    <subfield code="a">Business finance.</subfield>
    <subfield code="9">1375</subfield>
  </datafield>
  <datafield tag="942" ind1=" " ind2=" ">
    <subfield code="c">BK</subfield>
    <subfield code="2">lcc</subfield>
  </datafield>
  <datafield tag="952" ind1=" " ind2=" ">
    <subfield code="0">0</subfield>
    <subfield code="1">0</subfield>
    <subfield code="4">0</subfield>
    <subfield code="7">0</subfield>
    <subfield code="8">LGL</subfield>
    <subfield code="a">CHK</subfield>
    <subfield code="b">CHK</subfield>
    <subfield code="c">BSL</subfield>
    <subfield code="d">2022-10-12</subfield>
    <subfield code="l">0</subfield>
    <subfield code="o">BSL HG 4026 .M36 1998</subfield>
    <subfield code="p">5252/2010</subfield>
    <subfield code="r">2022-10-12 00:00:00</subfield>
    <subfield code="w">2022-10-12</subfield>
    <subfield code="y">BK</subfield>
  </datafield>
  <datafield tag="952" ind1=" " ind2=" ">
    <subfield code="0">0</subfield>
    <subfield code="1">0</subfield>
    <subfield code="4">0</subfield>
    <subfield code="7">0</subfield>
    <subfield code="8">LGL</subfield>
    <subfield code="a">CHK</subfield>
    <subfield code="b">CHK</subfield>
    <subfield code="c">BSL</subfield>
    <subfield code="d">2022-10-12</subfield>
    <subfield code="l">0</subfield>
    <subfield code="o">BSL HG 4026 .M36 1998</subfield>
    <subfield code="p">2719/2008</subfield>
    <subfield code="r">2022-10-12 00:00:00</subfield>
    <subfield code="w">2022-10-12</subfield>
    <subfield code="y">BK</subfield>
  </datafield>
  <datafield tag="999" ind1=" " ind2=" ">
    <subfield code="c">50</subfield>
    <subfield code="d">50</subfield>
  </datafield>
</record>
